USA or EU? - Statistics

General Stats
  • This quiz has been taken 15 times
  • The average score is 11 of 15
Answer Stats
Question Answer % Correct
Higher Literacy Rate European Union
93%
Higher Average Happiness European Union
93%
More Muslims European Union
93%
More Eurovision Wins European Union
93%
Bigger Land Area United States
93%
More Co2 Emitted United States
93%
Higher Homicide Rate United States
93%
Higher Average Life Expectancy European Union
80%
Higher Percent Of College Graduates European Union
80%
Higher GDP (Nominal) United States
80%
Higher Population European Union
67%
Longer Coastline European Union
60%
Higher Mountain United States
60%
Higher Average HDI United States
20%
More Active Military Personnel European Union
13%
No matching quizzes found
Score Distribution
Percent of People with Each Score
Percentile by Number Answered
Your Score History
You have not taken this quiz